<?xml version="1.0" encoding="UTF-8"?>
<record
    xmlns:xsi="http://www.w3.org/2001/XMLSchema-instance"
    xsi:schemaLocation="http://www.loc.gov/MARC21/slim http://www.loc.gov/standards/marcxml/schema/MARC21slim.xsd"
    xmlns="http://www.loc.gov/MARC21/slim">

  <leader>03080    a2200205   4500</leader>
  <controlfield tag="001">53637</controlfield>
  <controlfield tag="005">20260407155809.0</controlfield>
  <controlfield tag="008">260407a1974    arg                 spa d</controlfield>
  <controlfield tag="003">AR-UNSa-BCEJYS</controlfield>
  <datafield tag="040" ind1=" " ind2=" ">
    <subfield code="a">AR-UNSa-BCEJYS</subfield>
    <subfield code="b">spa</subfield>
    <subfield code="c">AR-UNSa-BCEJYS</subfield>
  </datafield>
  <datafield tag="080" ind1=" " ind2=" ">
    <subfield code="a">94:33</subfield>
    <subfield code="x">Historia econ&#xF3;mica</subfield>
  </datafield>
  <datafield tag="245" ind1="1" ind2="0">
    <subfield code="a">Oro y moneda en la historia</subfield>
    <subfield code="p">(1450-1920)</subfield>
  </datafield>
  <datafield tag="250" ind1=" " ind2=" ">
    <subfield code="a">3a. ed.</subfield>
  </datafield>
  <datafield tag="264" ind1=" " ind2="1">
    <subfield code="a">Barcelona :</subfield>
    <subfield code="b">Ariel</subfield>
    <subfield code="c">1974</subfield>
  </datafield>
  <datafield tag="300" ind1=" " ind2=" ">
    <subfield code="a">506 p.</subfield>
    <subfield code="c">19 cm.</subfield>
  </datafield>
  <datafield tag="505" ind1=" " ind2=" ">
    <subfield code="a">1. El oro en el mundo desde el siglo xvi hasta nuestros d&#xED;as:Introducci&#xF3;n - 2. Las grandes etapas de la historia monetaria: observaciones sobre las &#xE9;pocas primitivas y la antiguedad - 3. Las grandes fases de la historia monetaria:Observaciones sobre la Edad Media - 4. Las nociones de coyuntura y de movimiento de los precios.Los problemas del per&#xED;odo 1450-1500 - 5. Oro africano y descubrimientos:genoveses, espa&#xF1;oles y portugueses - 6. La organizaci&#xF3;n portuguesa del tr&#xE1;fico de oro y or&#xED;genes de los descubrimientos espa&#xF1;oles - 7. Descubrimientos espa&#xF1;oles y oro de las islas - 8. Oro y coyuntura.1450-1530 - 9. Oro y coyuntura:principios de la "revoluci&#xF3;n de los precios" y su interpretaci&#xF3;n - 10. La difusi&#xF3;n de la "revoluci&#xF3;n de los precios".Circuitos comerciales -  11. La difusi&#xF3;n de la "revoluci&#xF3;n de los precios". Metales preciosos y tr&#xE1;fico portugu&#xE9;s - 12. La difusi&#xF3;n de la "revoluci&#xF3;n de los precios":El oro la plata de Am&#xE9;rica - 13. Los metales preciosos de Am&#xE9;rica - 14. Los metales preciosos de Am&#xE9;rica:El Potos&#xED; - 15. Huancavelica - 16. El oro y la plata en Espa&#xF1;a - 17. La toma de conciencia de los espa&#xF1;oles respecto al problema de los metales preciosos - 18. La toma de conciencia de los espa&#xF1;oles respecto al problema de los metales preciosos(continuaci&#xF3;n) - 19. La revoluci&#xF3;n de los precios fuera de Espa&#xF1;a - 20. Las ideas monetarias de Francia - 21. La revoluc&#xF3;n de los precios en Italia - 22. La tranici&#xF3;n del siglo xvii al xviii: - 23. Del siglo xvii al xviii:el papel monetario del Banco de Amnsterdan - 24. Finales del siglo xvii en Inglaterra:Fundaci&#xF3;n del Banco de Inglaterra - 25. Finales del siglo xvii en Inglaterra:El espisodio monetario de 1694-1696 - 26. Los or&#xED;genes de la establilizaci&#xF3;n monetaria - 27. Los or&#xED;genes de la estabilizaci&#xF3;n monetaria y del cambio econ&#xF3;mico - 28. Los or&#xED;genes de la estabilizaci&#xF3;n monetaria y del cambio econ&#xF3;mico.El caso franc&#xE9;s - 29. Coyuntura del siglo xviii y problema de los metales preciosos - 30. Metales preciosos y econom&#xED;a francesa en el siglo xviii - 31.  Moneda, banca y cr&#xE9;dito entre 1726 y 1790-1797 Francia - 32. Moneda, banca y cr&#xE9;dito entre 1726 y 1790-1797.Inglaterra - 33. La plata mexicana y la coyuntura europea - 34. Coyuntura del siglo xviii - 35. El problema monetario en Inglaterra de 1797 a 1819 - 36. Metales preciosos y coyuntura en el siglo xix - 37. La explicaci&#xF3;n "cuantitavista" de la relaci&#xF3;n precios-producci&#xF3;n de oro - 38. Otras interpretaciones de la relaci&#xF3;n precios-producci&#xF3;n de oro</subfield>
  </datafield>
  <datafield tag="942" ind1=" " ind2=" ">
    <subfield code="c">BK</subfield>
  </datafield>
  <datafield tag="590" ind1=" " ind2=" ">
    <subfield code="a">niveau_biblio:m niveau_hierar:0</subfield>
  </datafield>
  <datafield tag="100" ind1="1" ind2=" ">
    <subfield code="a">Villar, Pierre</subfield>
  </datafield>
  <datafield tag="999" ind1=" " ind2=" ">
    <subfield code="c">5242</subfield>
    <subfield code="d">5242</subfield>
  </datafield>
  <datafield tag="952" ind1=" " ind2=" ">
    <subfield code="0">0</subfield>
    <subfield code="1">0</subfield>
    <subfield code="4">0</subfield>
    <subfield code="7">0</subfield>
    <subfield code="a">BCEJYS</subfield>
    <subfield code="b">BCEJYS</subfield>
    <subfield code="c">16</subfield>
    <subfield code="d">2026-04-07</subfield>
    <subfield code="l">0</subfield>
    <subfield code="o">94:33 V712</subfield>
    <subfield code="p">L26739</subfield>
    <subfield code="r">2026-04-07 15:58:09</subfield>
    <subfield code="w">2026-04-07</subfield>
    <subfield code="y">L</subfield>
  </datafield>
</record>
